Spectral classification and multicolour photometry (Record no. 4436)

MARC details
000 -LEADER
fixed length control field 00966nam a2200253Ia 4500
003 - CONTROL NUMBER IDENTIFIER
control field IN-BaIIA
008 - FIXED-LENGTH DATA ELEMENTS--GENERAL INFORMATION
fixed length control field 211028s9999 xx 000 0 eng d
020 ## - INTERNATIONAL STANDARD BOOK NUMBER
International Standard Book Number 90-277-0280-2
040 ## - CATALOGING SOURCE
Transcribing agency IIA Library
080 ## - UNIVERSAL DECIMAL CLASSIFICATION NUMBER
Universal Decimal Classification number 082.2:52
Item number IAU-S50
100 ## - MAIN ENTRY--PERSONAL NAME
Personal name Fehrenbach, C. H
9 (RLIN) 7744
110 ## - MAIN ENTRY--CORPORATE NAME
Corporate name or jurisdiction name as entry element Intenational Astronomical Union
111 ## - MAIN ENTRY--MEETING NAME
Meeting name or jurisdiction name as entry element International Astronomical Union Symposium
Number of part/section/meeting 50th
Location of meeting Argentina
Date of meeting or treaty signing 1971 Oct. 18-24
9 (RLIN) 7745
245 #0 - TITLE STATEMENT
Title Spectral classification and multicolour photometry
Remainder of title proceedings of the IAU symposium no.50, held in Villa Carlos Paz, Argentina, October 18-24, 1971
Statement of responsibility, etc. C. H. Fehrenbach
260 ## - PUBLICATION, DISTRIBUTION, ETC.
Place of publication, distribution, etc. Dordrecht
Name of publisher, distributor, etc. D. Reidel Publishing
Date of publication, distribution, etc. 1973
300 ## - PHYSICAL DESCRIPTION
Extent xiv, 314p.
490 ## - SERIES STATEMENT
Series statement IAU Symposium; no. 50
650 ## - SUBJECT ADDED ENTRY--TOPICAL TERM
Topical term or geographic name entry element Astronomical Techniques
9 (RLIN) 1786
650 ## - SUBJECT ADDED ENTRY--TOPICAL TERM
Topical term or geographic name entry element Astronomy and Astrophysics Thesaurus
650 ## - SUBJECT ADDED ENTRY--TOPICAL TERM
Topical term or geographic name entry element Multi-colour Photometry
9 (RLIN) 4789
650 ## - SUBJECT ADDED ENTRY--TOPICAL TERM
Topical term or geographic name entry element Spectral Classification
9 (RLIN) 3993
710 ## - ADDED ENTRY--CORPORATE NAME
Corporate name or jurisdiction name as entry element International Astronomical Union
942 ## - ADDED ENTRY ELEMENTS (KOHA)
Koha item type Books
Holdings
Withdrawn status Lost status Damaged status Not for loan Home library Current library Shelving location Date acquired Total Checkouts Full call number Barcode Date last seen Price effective from Koha item type
        IIA Library-Bangalore IIA Library-Bangalore General Stacks 27/06/1974   082.2:52/ IAU-S50 4952 05/11/2021 27/06/1974 Books

Powered by Koha